Statistics for WWE Royal Rumble Final Four

Click here to take the quiz!

General Stats

  • This quiz has been taken 154 times
  • The average score is 82 of 128

Answer Stats

Answer % Correct
Roman Reigns
94%
2013John Cena
94%
2015Roman Reigns
94%
Roman Reigns
94%
John Cena
94%
Roman Reigns
94%
John Cena
94%
2008John Cena
94%
John Cena
94%
Roman Reigns
94%
Randy Orton
92%
Randy Orton
92%
2009Randy Orton
92%
Randy Orton
92%
2017Randy Orton
92%
Randy Orton
92%
2002Triple H
91%
Triple H
91%
Triple H
91%
2016Triple H
91%
Triple H
91%
Batista
88%
Batista
88%
2005Batista
88%
Batista
88%
2014Batista
88%
2007Undertaker
86%
Undertaker
86%
Undertaker
86%
1990Hulk Hogan
85%
Hulk Hogan
85%
1991Hulk Hogan
85%
1996Shawn Michaels
84%
Shawn Michaels
84%
Shawn Michaels
84%
1995Shawn Michaels
84%
Kane
84%
Kane
84%
Kane
84%
Shawn Michaels
84%
Kane
84%
Kane
84%
2006Rey Mysterio
82%
Big Show
82%
Rey Mysterio
82%
Stone Cold Steve Austin
82%
Big Show
82%
Chris Jericho
82%
Chris Jericho
82%
Big Show
82%
Chris Jericho
82%
Big Show
82%
Edge
81%
Sheamus
81%
Sheamus
81%
Edge
81%
2010Edge
81%
Sheamus
81%
2012Sheamus
81%
2000The Rock
77%
Dean Ambrose
77%
The Rock
77%
The Rock
77%
2018 (men's)Shinsuke Nakamura
76%
2018 (women's)Asuka
76%
2003Brock Lesnar
74%
2004Chris Benoit
73%
Bret Hart
70%
1994Bret Hart
70%
Bray Wyatt
69%
2011Alberto Del Rio
68%
Nikki Bella
68%
1992Ric Flair
67%
Rusev
67%
1993Yokozuna
62%
1988Jim Duggan
62%
Sasha Banks
62%
1999Mr.McMahon
61%
CM Punk
60%
Brie Bella
60%
Kurt Angle
60%
Kurt Angle
60%
Santino Marella
59%
Finn Balor
58%
Ted Dibiase
56%
Randy Savage
56%
Randy Savage
56%
Lex Luger
55%
Lex Luger
55%
Dolph Ziggler
52%
Ryback
52%
Cody Rhodes
52%
1989Big John Studd
48%
The British Bulldog
44%
Mr. Perfect
44%
Mr. Perfect
44%
Rob Van Dam
44%
Stone Cold Steve Austin
42%
2001Stone Cold Steve Austin
42%
1998Stone Cold Steve Austin
42%
1997Stone Cold Steve Austin
42%
Diesel
42%
"Fake" Diesel
42%
Ted Dibiase Jr.
33%
Sid Justice
31%
X-Pac
29%
Wade Barrett
29%
Earthquake
26%
One Man Gang
26%
Rikishi
24%
One Man Gang
23%
Big Boss Man
23%
Billy Gunn
22%
Rick Rude
17%
Faarooq
15%
Crush
15%
D'Lo Brown
14%
Bob Backlund
14%
Rick Martel
12%
Rick Martel
12%
The British Bulldog
12%
The British Bulldog
12%
Dino Bravo
11%
Dude Love
10%
Brian Knobbs
10%
Hercules
8%
Don Muraco
6%
The Godfather
4%

Score Distribution

Percentile by Number Answered

Percent of People with Each Score

Your Score History

You have not taken this quiz